Development planning in Thailand; (Record no. 22533)

000 -LEADER
fixed length control field 00529nam a2200157I 4500
040 ## - CATALOGING SOURCE
Transcribing agency DLC
082 ## - DEWEY DECIMAL CLASSIFICATION NUMBER
Classification number 634 SAE 1973 C279 Or.
100 1# - MAIN ENTRY--AUTHOR NAME
Personal name Sanguanruang, Saeng
245 10 - TITLE STATEMENT
Title Development planning in Thailand;
Remainder of title the role of the university,
260 ## - PUBLICATION, DISTRIBUTION, ETC. (IMPRINT)
Place of publication Singapore,
Name of publisher Regional Institute of Higher Education and Development,
Year of publication 1973
300 ## - PHYSICAL DESCRIPTION
Number of Pages iv, 98 p.
Dimensions 30 cm
650 #0 - SUBJECT ADDED ENTRY--TOPICAL TERM
Topical Term Higher education and state
650 #0 - SUBJECT ADDED ENTRY--TOPICAL TERM
Topical Term Universities and colleges
710 21 - ADDED ENTRY--CORPORATE NAME
Corporate name or jurisdiction name as entry element Regional Institute of Higher Education and Development
942 ## - ADDED ENTRY ELEMENTS (KOHA)
Koha item type ADB
952 ## - LOCATION AND ITEM INFORMATION (KOHA)
Withdrawn status [LOCAL, KOHA] 0
Holdings
Permanent Location Date acquired Koha item type Lost status Shelving location Barcode Current Location Full call number
Library Block C2024-01-10ADB C279a06183Library Block C634 SAE 1973 C279 Or.
មជ្ឈមណ្ឌលឯការនៃសាកលវិទ្យាល័យភូមិន្ទកសិកម្មចំការដូង

Powered by Koha